书目信息 |
| 题名: |
可问天机:气候动力和气候预测理论的研究
|
|
| 作者: | 曾庆存 , 郭裕福 主编 | |
| 分册: | ||
| 出版信息: | 长沙 湖南科学技术出版社 1999.11 |
|
| 页数: | 158页 | |
| 开本: | 32开 | |
| 丛书名: | ||
| 单 册: | ||
| 中图分类: | P401 | |
| 科图分类: | ||
| 主题词: | 气象学--理论 , 气象学--研究方法 | |
| 电子资源: | ||
| ISBN: | 7-5357-2338-1 | |
| 000 | 00693nam0 2200217 45 | |
| 001 | 0008091139 | |
| 005 | 20000809111518.4 | |
| 010 | @a7-5357-2338-1@d14.00元 | |
| 100 | @a20000809d1999 km y0chiy0120 ea | |
| 101 | 0 | @achi |
| 105 | @a z 000yy | |
| 200 | 1 | @a可问天机:气候动力和气候预测理论的研究@AKe Wen Tian Ji:Qi Hou Dong Li He Qi Hou Yu Ce Li LunDe Yan Jiu@f曾庆存,郭裕福主编@FCeng Qing Cun,Guo Yu Fu Zhu Bian |
| 210 | @a长沙@c湖南科学技术出版社@d1999.11 | |
| 215 | @a158页@d32开 | |
| 606 | 0 | @a气象学@x理论 |
| 606 | 0 | @a气象学@x研究方法 |
| 690 | @aP401@v3 | |
| 701 | 0 | @a曾庆存@4主编 |
| 701 | 0 | @a郭裕福@4主编 |
| 801 | @aCN@bPftUser@c20000809 | |
| 905 | @b100233-237@dP401@eZ094@f5 | |
| 可问天机:气候动力和气候预测理论的研究/曾庆存,郭裕福主编.-长沙:湖南科学技术出版社,1999.11 |
| 158页;32开 |
| ISBN 7-5357-2338-1:14.00元 |
| ● |
| 相关链接 |
|
|
|
正题名:可问天机:气候动力和气候预测理论的研究
索取号:P401/Z094
 
预约/预借
| 序号 | 登录号 | 条形码 | 馆藏地/架位号 | 状态 | 备注 |
| 1 | 100233 | 201002333 | 社科二线400B/401自科库 122排2列4层/ [索取号:P401/Z094] | 在馆 | |
| 2 | 100234 | 201002342 | 社科二线400B/400B社科库 32排4列1层/ [索取号:P401/Z094] | 在馆 | |
| 3 | 100235 | 201002351 | 自科库401/401自科库 127排2列5层/ [索取号:P401/Z094] | 在馆 | |
| 4 | 100236 | 201002360 | 社科二线400B/400B社科库 32排4列1层/ [索取号:P401/Z094] | 在馆 | |
| 5 | 100237 | 201002379 | 期刊室512/401自科库 121排2列5层/ [索取号:P401/Z094] | 在馆 |